000 00777nam a2200205Ia 4500
003 GCL
008 140319s9999 xx 000 0 ara d
020 _a4099227977
040 _aGCL /
_cGCL
082 0 4 _a330.9
_bح أ
100 1 _aحسنين توفيق ابراهيم
245 1 0 _aالاقتصاد السياسى للاصلاح الاقتصادى /
_cحسنين توفيق ابراهيم
250 _aالاولى
260 _aالقاهرة :
_bمركز الدراسات السياسية والاستراتيجية - الأهرام ،
_c1999
300 _a131ص ؛
_c24سم
650 0 4 _aالاقتصاد السياسى
650 0 4 _aالاصلاح الاقتصادى
650 0 4 _aالعالم العربى - الاصلاح الاقتصادى
942 _2ddc
_cBK
999 _c7703
_d7703